00750nam a2200241 a 4500001001300000003000900013005001700022008004100039020002300080082002000103100001900123245005400142260004000196300001000236500003500246505002400281650003100305700001900336902000800355942000700363952012100370999001700491nice12345678IN_TiNIC20260116014119.0130107s2012 newa grp 000 0 eng  a9788125046615c79500a324.245408bSPO aSpodek, Howard aAhmedabadb Shock City of Twentieth-Century India aNew Delhi bOrient Blackswan c2012 a330p  aincludes index and biblioraphy2 aBibliography, Index aCommunalism-India Violence1 aSpodek, Howard bSRS cBK 001040708StackRoom-aHMIbHMId2013-01-07g795.00l0o324.245408 SPOp023993r2013-01-07v795.00w2013-01-07yBK c13934d13934